000 00513nam a2200181Ia 4500
005 20250326143155.0
008 250326s9999 xx 000 0 und d
037 _aTextbook
040 _aFMSL
_beng
_cFMSL
041 _aeng
_2eng
084 _aX62:89ZB M5
_qFMSL
100 _aSingh V
_9712683
245 0 _aDevelopment Banking in India
_cSingh V
260 _aNew Delhi
_bNew Delhi, Deep & Deep Publications
_c1985
300 _a376p
942 _cTB
_hX62:89ZB M5
999 _c1298442
_d1298442